University Home | Library Home | Institutional Repository

Forerunners of modern Malawi : (Record no. 216631)

MARC details
000 -LEADER
fixed length control field 00965nam a22002417a 4500
003 - CONTROL NUMBER IDENTIFIER
control field OSt
005 - DATE AND TIME OF LATEST TRANSACTION
control field 20260421082331.0
008 - FIXED-LENGTH DATA ELEMENTS--GENERAL INFORMATION
fixed length control field 260421b |||||||| |||| 00| 0 eng d
040 ## - CATALOGING SOURCE
Original cataloging agency LC
Transcribing agency UNZA
Modifying agency UNZA
Description conventions RDA
050 ## - LIBRARY OF CONGRESS CALL NUMBER
Classification number BV3625
Item number HEN 1968
100 ## - MAIN ENTRY--PERSONAL NAME
Personal name Henderson, James,
Dates associated with a name 1867-1930
Relator term Dr.
245 ## - TITLE STATEMENT
Title Forerunners of modern Malawi :
Remainder of title the early missionary adventures of Dr. James Henderson 1895-1898, /
Statement of responsibility, etc. James, Henderson,
260 ## - PUBLICATION, DISTRIBUTION, ETC.
Place of publication, distribution, etc. Lovedale Press :
Name of publisher, distributor, etc. [Alice],
Date of publication, distribution, etc. 1968.
300 ## - PHYSICAL DESCRIPTION
Extent 301 pages :
Other physical details illustrations.
504 ## - BIBLIOGRAPHY, ETC. NOTE
Bibliography, etc. note includes an index.
650 ## - SUBJECT ADDED ENTRY--TOPICAL TERM
Topical term or geographic name entry element Free Church of Scotland
General subdivision Missions
-- History
-- 19th century
Geographic subdivision Malawi.
650 ## - SUBJECT ADDED ENTRY--TOPICAL TERM
Topical term or geographic name entry element Missions
General subdivision History
-- 19th century
Geographic subdivision Malawi.
650 ## - SUBJECT ADDED ENTRY--TOPICAL TERM
Topical term or geographic name entry element Missionaries
General subdivision Biography
Geographic subdivision Malawi.
650 ## - SUBJECT ADDED ENTRY--TOPICAL TERM
Topical term or geographic name entry element Missionaries
General subdivision Biography
Geographic subdivision Scotland.
700 ## - ADDED ENTRY--PERSONAL NAME
Personal name by M. M. S. Ballantyne
Relator term Editor.
Fuller form of name Margaret Mary Serena.
700 ## - ADDED ENTRY--PERSONAL NAME
Personal name R. H. W. Shepherd.
Dates associated with a name 1888-1971.
Relator term Editor.
Fuller form of name Robert Henry Wishart.
942 ## - ADDED ENTRY ELEMENTS (KOHA)
Koha item type Zambian collection
999 ## -
-- 216631
-- 216631
Holdings
Withdrawn status Lost status Source of classification or shelving scheme Damaged status Not for loan Home library Current library Shelving location Date acquired Total Checkouts Full call number Barcode Date last seen Copy number Price effective from Koha item type
    Library of Congress Classification     Main Library Main Library Special collections 04/21/2026   BV3625 HEN 1968 337292001861322 04/21/2026 C.1 04/21/2026 Zambian collection
© 2026 - The University of Zambia Library - Koha v25.11